Pays parlant une langue scandinave - Statistiques

Statistiques générales
  • Ce quiz a été pris 189 fois
  • Le résultat moyen est 5 sur 5
Statistiques - réponses
Nombre Pays % Correct
4 Norvège
100%
5 Suède
100%
2 Finlande
99%
1 Danemark
98%
3 Islande
96%
Aucun quiz correspondant
Distribution des résultats
% des personnes avec chaque résultat
Percentile par nombre de réponses
Votre historique - résultats
Vous n’avez pas pris ce quiz